[Event "Zimski Winter Open"]
[Site "Belgrade SCG"]
[Date "2005.01.22"]
[Round "1"]
[White "Bozovic,V"]
[Black "Jedjini,P"]
[Result "1-0"]
[WhiteElo "2186"]
[BlackElo "1967"]

1.e4 g6 2.d4 Bg7 3.Nc3 c6 4.Nf3 d6 5.Be2 Nf6 6.O-O O-O 7.a4 a5 8.Bf4 Nh5
9.Bg5 h6 10.Be3 Bg4 11.Qd2 Kh7 12.h3 Bxf3 13.Bxf3 Nf6 14.g4 Nbd7 15.Bg2 e5
16.f4 h5 17.g5 exf4 18.Bxf4 Ne8 19.Ne2 Nb6 20.b3 d5 21.e5 Nc7 22.Rf2 Ne6
23.Raf1 Qe7 24.Be3 Kg8 25.h4 Nd7 26.Bh3 Nb8 27.Rf6 Bxf6 28.gxf6 Qb4 29.c3 Qa3
30.Qd3 Re8 31.Bxe6 Rxe6 32.Nf4 Kh7 33.Rf2 Nd7 34.Bd2 Rae8 35.Rg2 Rg8 36.Nxe6 fxe6
37.Qe3 g5 38.Qd3+ Rg6 39.Rxg5 Nf8 40.Rxg6 Nxg6 41.Qf3 Qa1+ 42.Kh2 Qb1 43.Qxh5+ Kg8
44.Qh6 Kf7 45.Qg7+ Ke8 46.f7+ Kd8 47.Bg5+ Kc8 48.Qg8+  1-0

[Event "Zimski Winter Open"]
[Site "Belgrade SCG"]
[Date "2005.01.28"]
[Round "6"]
[White "Djurdjevic,P"]
[Black "Jedjini,P"]
[Result "0-1"]
[WhiteElo "2056"]
[BlackElo "1967"]

1.e4 g6 2.d4 Bg7 3.Nc3 c6 4.Nf3 d6 5.Be2 Bg4 6.O-O Nf6 7.h3 Bxf3 8.Bxf3 O-O
9.Be3 Nbd7 10.Ne2 e5 11.c3 Nb6 12.dxe5 dxe5 13.Qb3 Qc7 14.a4 Rfd8 15.c4 Nbd7
16.Rfd1 Bf8 17.g4 Nc5 18.Qc2 Ne6 19.Rab1 a5 20.Bg2 Bc5 21.Qc3 Bxe3 22.Qxe3 Kg7
23.Bf3 h6 24.h4 Rxd1+ 25.Rxd1 Rd8 26.Rd3 c5 27.g5 hxg5 28.hxg5 Nh7 29.Rd5 Nhxg5
30.Bg4 f6 31.Ng3  0-1

[Event "13th Fajr Open"]
[Site "Tehran IRI"]
[Date "2005.01.29"]
[Round "4"]
[White "Khorshidi,M"]
[Black "Ghanbari,R"]
[Result "0-1"]
[WhiteElo "2133"]
[BlackElo "2234"]

1.e4 g6 2.d4 Bg7 3.Nc3 c6 4.Bc4 d6 5.Qf3 e6 6.Be3 b5 7.Bb3 a5 8.a3 a4 9.Ba2 Qa5
10.Ne2 Nf6 11.O-O O-O 12.Nf4 Nbd7 13.Nd3 Bb7 14.Qg3 Qc7 15.f4 d5 16.e5 Ne8
17.Qh3 f5 18.g4 Rf7 19.gxf5 Rxf5 20.Ne2 Bc8 21.Ng3 Rf7 22.c3 Bf8 23.Kh1 Ng7
24.Rg1 c5 25.Rg2 cxd4 26.cxd4 b4 27.Rc1 Qb7 28.axb4 Bxb4 29.Rgc2 Nf8 30.Nxb4 Qxb4
31.Rxc8 Rxc8 32.Rxc8 Qe1+ 33.Nf1 Qa1 34.Bd2 Qxa2 35.Qa3 Qb1 36.Kg1 Qd1 37.Bb4 Qxd4+
38.Ne3 Qxf4  0-1

[Event "TCh-BEL 2004-5"]
[Site "Belgium BEL"]
[Date "2005.01.30"]
[Round "8"]
[White "Decoster,F"]
[Black "De Bruycker,B"]
[Result "1-0"]
[WhiteElo "2135"]
[BlackElo "2209"]

1.e4 g6 2.d4 Bg7 3.Nc3 c6 4.f4 d5 5.e5 Nh6 6.Nf3 Bg4 7.Be3 Nf5 8.Bf2 h5 9.h3 Bxf3
10.Qxf3 h4 11.Bd3 Nd7 12.O-O Nf8 13.Ne2 Ne6 14.b3 Qd7 15.Rfd1 O-O-O 16.c4 Nc7
17.a4 e6 18.c5 Rdg8 19.b4 f6 20.b5 g5 21.b6 axb6 22.cxb6 Na8 23.a5 Kd8 24.a6 Nxb6
25.Rdb1 bxa6 26.Rxb6 gxf4 27.Rbxa6 fxe5 28.Ra8+ Ke7 29.R8a7 Rd8 30.Bxf5 exf5
31.dxe5 Bxe5 32.Bd4 Bc7 33.Rxc7 Qxc7 34.Ra7 Qxa7 35.Bxa7 Rhg8 36.Qxf4  1-0

[Event "Oceania zt"]
[Site "Auckland NZL"]
[Date "2005.01.31"]
[Round "3"]
[White "Stojic,S"]
[Black "Jones,B"]
[Result "0-1"]
[WhiteElo "1992"]
[BlackElo "2168"]

1.e4 g6 2.d4 Bg7 3.Nc3 c6 4.Nf3 d5 5.e5 h5 6.Bg5 Nh6 7.Qd2 Nf5 8.O-O-O Qa5
9.Be2 b5 10.h3 Nd7 11.g4 Nh6 12.gxh5 gxh5 13.Nh4 Bf8 14.Bxh5 Nb6 15.Be2 Rb8
16.Bd3 Nc4 17.Bxc4 bxc4 18.Rde1 Nf5 19.Nxf5 Bxf5 20.h4 Kd7 21.e6+ fxe6 22.Re3 Bg7
23.Bf4 Rb7 24.Be5 Bxe5 25.Rxe5 Rhb8 26.b3 cxb3 27.cxb3 Rxb3 28.Re3 Rb1+  0-1

[Event "3rd Breizh Masters Women"]
[Site "Guingamp FRA"]
[Date "2005.02.18"]
[Round "1"]
[White "Choisy,M"]
[Black "Moussard,J"]
[Result "1-0"]
[WhiteElo "2058"]
[BlackElo "2015"]

1.e4 g6 2.d4 Bg7 3.Nc3 c6 4.Nf3 d6 5.h3 Nd7 6.Be3 Qc7 7.Qd2 Ngf6 8.Bh6 Bxh6
9.Qxh6 b5 10.a3 Bb7 11.Bd3 a5 12.O-O b4 13.axb4 axb4 14.Rxa8+ Bxa8 15.Ne2 c5
16.dxc5 dxc5 17.e5 Bxf3 18.exf6 Bxe2 19.Bxe2 Nxf6 20.Ra1 Qb7 21.Bf3 Ne4 22.Qe3 f5
23.Bxe4 fxe4 24.Qxc5 O-O 25.Ra7 Rc8 26.Qd4 e5 27.Qxe5 Qxa7 28.Qe6+ Kg7 29.Qxc8 Qa1+
30.Kh2 Qxb2 31.Qb7+ Kf6 32.Qc6+ Kf5 33.Qd7+ Kf6 34.Qc6+ Kf5 35.Qc8+ Kg5 36.Qc5+ Kf4
37.g3+ Kf3 38.Qe3+  1-0

[Event "Jersey Open"]
[Site "Jersey JCI"]
[Date "2005.02.19"]
[Round "7"]
[White "Buchkremer,F"]
[Black "Constantinou,P"]
[Result "1/2-1/2"]
[WhiteElo "2030"]
[BlackElo "2122"]

1.e4 g6 2.d4 Bg7 3.Nc3 c6 4.Be3 d5 5.Qd2 dxe4 6.Nxe4 Nd7 7.Nf3 Ngf6 8.Nxf6+ Nxf6
9.Bc4 Qc7 10.c3 Nd5 11.Bh6 O-O 12.O-O Be6 13.Rfe1 Rad8 14.Bxg7 Kxg7 15.Re5 Bc8  1/2-1/2

[Event "TCh-BEL 2004-5"]
[Site "Belgium BEL"]
[Date "2005.03.06"]
[Round "10"]
[White "Vandevoort,P"]
[Black "Leenhouts,K"]
[Result "1/2-1/2"]
[WhiteElo "2385"]
[BlackElo "2334"]

1.e4 g6 2.d4 Bg7 3.Nc3 c6 4.h3 d5 5.Nf3 dxe4 6.Nxe4 Nd7 7.Bc4 Ngf6 8.Nxf6+ Nxf6
9.O-O O-O 10.Re1 b5 11.Bb3 Bb7 12.Qe2 e6 13.c3 Qb6 14.Ne5 c5 15.dxc5 Qxc5
16.Bf4 Rad8 17.Rad1 Nd5 18.Bg3 Rfe8  1/2-1/2

[Event "TCh-BEL 2004-5"]
[Site "Belgium BEL"]
[Date "2005.03.06"]
[Round "10"]
[White "Decoster,F"]
[Black "Cacco,C"]
[Result "1/2-1/2"]
[WhiteElo "2135"]
[BlackElo "2282"]

1.e4 g6 2.d4 Bg7 3.Nc3 c6 4.f4 d5 5.e5 h5 6.Nf3 Nh6 7.Be3 Bf5 8.h3 Nd7 9.Be2 Nf8
10.O-O Be4 11.Ng5 Nf5 12.Bf2 Bh6 13.Ncxe4 dxe4 14.Qd2 Bxg5 15.fxg5 Qb6 16.c3 Rd8
17.b4 Qc7 18.Rad1 Ne6 19.Bc4 Qd7 20.Rfe1 Nc7 21.Rxe4 Ng7 22.Bb3 b5 23.Ree1 O-O
24.Bg3 Nge6 25.Rf1 Kg7 26.Rf2 Nd5 27.Rdf1 a5 28.a3  1/2-1/2

[Event "ch-RUS u20"]
[Site "Nojabrsk RUS"]
[Date "2005.03.06"]
[Round "5"]
[White "Kurnosov,I"]
[Black "Novikov,S"]
[Result "0-1"]
[WhiteElo "2538"]
[BlackElo "2514"]

1.e4 g6 2.Nc3 Bg7 3.d4 c6 4.Bc4 d6 5.Qf3 e6 6.Nge2 b5 7.Bb3 a5 8.a3 Ba6 9.d5 cxd5
10.exd5 e5 11.Ne4 h6 12.g4 Nf6 13.N2g3 Nxe4 14.Nxe4 Qc7 15.Bd2 Nd7 16.Qc3 Nc5
17.Be3 a4 18.Bxc5 dxc5 19.d6 Qb7 20.d7+ Qxd7 21.Rd1 Qxg4 22.Nd6+ Kf8 23.Bd5 b4
24.Qe3 Rd8 25.Ne4 Kg8 26.Nxc5 Bb5 27.axb4 Qxb4+ 28.c3 Qxb2 29.Ne4 Kh7 30.h4 Rhf8
31.h5 g5 32.c4 Qb4+ 33.Nd2 Bd7 34.Rb1 Qa5 35.Ke2 Bf5 36.Rb5 Qc7 37.Rb7 Qc8
38.Ra7 Be6 39.Ra8 Qd7 40.Ra7 Qe8 41.Be4+ Kh8 42.Rb1 f5 43.Rbb7 Rf7 44.Rxf7 Bxf7
45.Bxf5 Bxh5+ 46.f3 e4 47.Nxe4 Qe5 48.Rxg7 Kxg7 49.Qa7+ Bf7 50.Bd7 a3 51.Bc6 Qb2+
52.Ke3 a2 53.Bd5 Rxd5  0-1

[Event "Acropolis GM Open"]
[Site "Athens GRE"]
[Date "2005.03.08"]
[Round "3"]
[White "Klokas,K"]
[Black "Koukoufikis,G"]
[Result "1-0"]
[WhiteElo "2216"]
[BlackElo "2144"]

1.e4 g6 2.d4 Bg7 3.Nc3 c6 4.f4 Qb6 5.Nf3 d5 6.exd5 Bg4 7.Bc4 Bxf3 8.Qxf3 Qxd4
9.Bb3 Nf6 10.Be3 Qb4 11.O-O O-O 12.a3 Qa5 13.Rad1 cxd5 14.Nxd5 Nc6 15.f5 Nxd5
16.Rxd5 Qc7 17.fxg6 hxg6 18.Rg5 e6 19.Rxg6  1-0

[Event "ch-RUS u20"]
[Site "Nojabrsk RUS"]
[Date "2005.03.09"]
[Round "8"]
[White "Timofeev,Arty"]
[Black "Novikov,S"]
[Result "1-0"]
[WhiteElo "2619"]
[BlackElo "2514"]

1.e4 g6 2.d4 Bg7 3.Nc3 c6 4.f4 d5 5.e5 h5 6.Be3 Nh6 7.Qd2 b5 8.h3 Nd7 9.Nf3 Nb6
10.b3 a5 11.a4 b4 12.Nd1 Bf8 13.Bf2 Bf5 14.Ne3 Be4 15.Ng5 Nf5 16.c4 Bh6 17.Nxe4 Bxf4
18.Nc5 dxc4 19.Bxc4 Nxc4 20.bxc4 Qxd4 21.Qxd4 Nxd4 22.O-O-O Ne2+ 23.Kc2 Bxe5
24.Rhe1 Nd4+ 25.Kb1 Bf6 26.Nc2 Nf5 27.Nd4 Nxd4 28.Bxd4 Bxd4 29.Rxd4 h4 30.Rd7 e6
31.Rf1 Rh7 32.Rc7 Rd8 33.Nxe6 Rd2 34.Ng5 Rh5 35.Nxf7 c5 36.Kc1 Ra2 37.Nd6+ Kd8
38.Rff7  1-0

[Event "Mediterranean Flower WGM"]
[Site "Rijeka CRO"]
[Date "2005.03.09"]
[Round "6"]
[White "Sargac,R"]
[Black "Bogza,A"]
[Result "1/2-1/2"]
[WhiteElo "2208"]
[BlackElo "2272"]

1.d4 g6 2.e4 Bg7 3.Nc3 c6 4.Nf3 d6 5.a4 Nf6 6.Bd3 O-O 7.O-O Bg4 8.h3 Bxf3
9.Qxf3 Nbd7 10.Ne2 e5 11.c3 h6 12.a5 Re8 13.Bc2 a6 14.Ng3 Qe7 15.dxe5 Nxe5
16.Qd1 Rad8 17.f4 Ned7 18.Ra4 c5 19.Qf3 h5 20.Nh1 h4 21.Nf2 Nh5 22.Re1 Ra8
23.e5 b5 24.Rae4 d5 25.R4e2 Nf8 26.Qxd5 Ng3 27.Re3 Ne6 28.Qf3 c4 29.Ne4 Nf5
30.R3e2 Red8 31.Nd6 Ng3 32.Rd2 Nc5 33.Rd5 Nd7 34.Be3 f6 35.Bd4 fxe5 36.fxe5 Rf8
37.Qg4 Nxe5 38.Bxe5 Bxe5 39.Qxg6+ Qg7 40.Qe6+ Kh8 41.Rdxe5 Rf6 42.Qg4 Qxg4
43.hxg4 Rxd6 44.Be4 Rf8 45.Bd5 Rfd8 46.Re8+ Rxe8 47.Rxe8+ Kg7 48.Bf3 Kf6
49.Kf2 Kg5 50.Rf8  1/2-1/2

[Event "FSIMA March"]
[Site "Budapest HUN"]
[Date "2005.03.13"]
[Round "9"]
[White "Rudolf,An"]
[Black "Boguszlavszkij,J"]
[Result "0-1"]
[WhiteElo "2207"]
[BlackElo "2314"]

1.e4 g6 2.d4 Bg7 3.Nc3 c6 4.f4 d5 5.e5 h5 6.Be3 Nh6 7.Nf3 Bg4 8.Be2 Nd7 9.Qd2 Qb6
10.Na4 Qc7 11.Bf2 e6 12.h3 Bxf3 13.Bxf3 Nf5 14.g4 hxg4 15.hxg4 Rxh1+ 16.Bxh1 Ne7
17.Bh4 Bf8 18.O-O-O O-O-O 19.Kb1 Kb8 20.b3 Re8 21.Rc1 Nc8 22.Nb2 Be7 23.Bg3 Qd8
24.c4 Ndb6 25.Bg2 Rh8 26.c5 Nd7 27.Rh1 Rxh1+ 28.Bxh1 Bh4 29.Bh2 Qh8 30.Nd3 Bg3
31.Bxg3 Qxh1+ 32.Be1 Qe4 33.Bf2 g5 34.Kc2 Nf8 35.fxg5 Qxg4 36.Qf4 Qxf4 37.Nxf4 Ne7
38.Kd3 Kc7 39.Nh5 Nf5 40.Be1 Ng6 41.Bf2 b6 42.b4 Kb7 43.Kc3 Ka6 44.Be1 Ne3
45.Bd2 Nd1+ 46.Kc2 Nf2 47.Nf6 Ne4 48.Bc1 Nh4 49.Kd3 Kb5 50.a3 bxc5 51.bxc5 Nxf6
52.exf6 Ng6 53.Kc3 Ka6 54.Be3 Kb7 55.Bf2 e5 56.dxe5 Nxe5 57.Be3 Kc8 58.Kd4 Nf3+
59.Kd3 Kd7 60.Ke2 Ne5 61.Bf4 Ke6 62.a4 Kf5 63.Bd2 Nd7 64.a5 a6 65.Be3 Nf8
66.Kd3 Ne6  0-1

[Event "TCh-BEL 2004-5"]
[Site "Belgium BEL"]
[Date "2005.03.20"]
[Round "11"]
[White "Landa,K"]
[Black "Leenhouts,K"]
[Result "1-0"]
[WhiteElo "2574"]
[BlackElo "2334"]

1.e4 g6 2.d4 Bg7 3.Nc3 c6 4.Nf3 d5 5.h3 dxe4 6.Nxe4 Nd7 7.Bc4 Ngf6 8.Nxf6+ Nxf6
9.O-O O-O 10.Re1 Bf5 11.c3 Be4 12.Ne5 Bd5 13.Bd3 Nd7 14.Bf4 Nxe5 15.Bxe5 Qd7
16.a3 Rad8 17.Qa4 b6 18.Rad1 Qb7 19.Ba6 Qd7 20.Bf1 Be6 21.Qa6 b5 22.Bxg7 Kxg7
23.Re5 Qc7 24.Rc5 Rd6 25.Qxb5 Rb8 26.Qe2 Bb3 27.Re1 Re6 28.Qd2 Qd6 29.Rxe6 Qxe6
30.Qf4 Rd8 31.Qc7 Rd5 32.Qxc6 Qe4 33.Qb5 Rxc5 34.dxc5  1-0

[Event "ch-DEN KO"]
[Site "Koege DEN"]
[Date "2005.03.20"]
[Round "1.1"]
[White "Rasmussen,K"]
[Black "Andreasen,P"]
[Result "1-0"]
[WhiteElo "2462"]
[BlackElo "2326"]

1.e4 g6 2.d4 Bg7 3.Nc3 c6 4.f4 d5 5.e5 h5 6.Nf3 Nh6 7.Be3 Bg4 8.h3 Bxf3 9.Qxf3 Nf5
10.Bf2 h4 11.Bd3 e6 12.O-O Nd7 13.Ne2 Bf8 14.b3 Ba3 15.Rab1 Be7 16.Kh2 b5
17.c4 b4 18.Ng1 Qb6 19.c5 Qb7 20.Qe2 a5 21.Nf3 Nf8 22.Ra1 Kd7 23.Rfb1 Rh5
24.a3 Bd8 25.Qe1 g5 26.axb4 axb4 27.Rxa8 Qxa8 28.Ra1 Qb8 29.fxg5 Bxg5 30.Ra4 Ng6
31.Qa1 Bf4+ 32.Kg1  1-0

[Event "US Amateur Team East"]
[Site "Parsippany USA"]
[Date "2005.03.20"]
[Round "3"]
[White "Zlotnikov,M"]
[Black "Kobas,A"]
[Result "1-0"]
[WhiteElo "2346"]
[BlackElo "2285"]

1.e4 g6 2.d4 Bg7 3.Nc3 c6 4.Nf3 d6 5.Bg5 Qb6 6.Qd2 Qxb2 7.Rb1 Qa3 8.Bc4 Qa5
9.O-O Nd7 10.e5 dxe5 11.dxe5 Nxe5 12.Nxe5 Bxe5 13.Rb3 h6 14.Bf4 Kf8 15.Re1 Bxf4
16.Qxf4 Nf6 17.h3 Qg5 18.Qc7 Ne8 19.Qh2 Qc5 20.Qf4 Nd6  1-0

[Event "11th Schloss Open"]
[Site "Werther GER"]
[Date "2005.03.20"]
[Round "5"]
[White "Zupe,M"]
[Black "Neumann,Mi"]
[Result "1-0"]
[WhiteElo "2394"]
[BlackElo "2226"]

1.d4 g6 2.e4 Bg7 3.Nc3 c6 4.Nf3 d5 5.h3 dxe4 6.Nxe4 Nd7 7.Bc4 Ndf6 8.Qe2 Nxe4
9.Qxe4 Nf6 10.Qe2 O-O 11.O-O e6 12.Bf4 b5 13.Bb3 a5 14.a4 b4 15.Bc4 Re8 16.Be5 Qb6
17.Nd2 Bb7 18.Nb3 Nd7 19.Bxg7 Kxg7 20.Rad1 Rad8 21.Rfe1 Kg8 22.Qe3 Ba6 23.Bxa6 Qxa6
24.Qg5 Nb6 25.Qxa5 Qxa5 26.Nxa5 Nxa4 27.Ra1 Nxb2 28.Reb1 Ra8  1-0

[Event "7th Foxwoods Open"]
[Site "Connecticut USA"]
[Date "2005.03.25"]
[Round "5"]
[White "Gonzalez,Ren"]
[Black "Zlotnikov,M"]
[Result "1/2-1/2"]
[WhiteElo "2445"]
[BlackElo "2346"]

1.e4 g6 2.d4 Bg7 3.Nc3 c6 4.Bc4 d6 5.Qf3 e6 6.Nge2 Nd7 7.Bb3 Ngf6 8.Be3 O-O
9.a4 e5 10.O-O exd4 11.Bxd4 Ne5 12.Qg3 Qe7 13.Nf4 Nfd7 14.Rad1 Nc5 15.Ba2 a5
16.h4 Kh8 17.Rfe1 Bd7 18.Nh3 Be6 19.f4 Bxa2 20.Nxa2 Ned7 21.Bxg7+ Kxg7 22.Nc3 Rad8
23.h5 Rfe8 24.f5 Ne5 25.Nf4 Kh8 26.hxg6 fxg6 27.Qh3 Rg8 28.Rf1 Rdf8 29.Nxg6+ Nxg6
30.fxg6 Rxg6 31.Rxf8+ Qxf8 32.Rf1 Rf6 33.Rxf6 Qxf6 34.Qc8+ Kg7 35.Qc7+ Kg6
36.Qxa5 Qd4+ 37.Kh1 Nxe4 38.Nxe4 Qxe4 39.Qc7  1/2-1/2

[Event "XXXXII Open"]
[Site "La Roda ESP"]
[Date "2005.03.26"]
[Round "7"]
[White "Larino Nieto,D"]
[Black "Svetushkin,D"]
[Result "0-1"]
[WhiteElo "2315"]
[BlackElo "2530"]

1.e4 g6 2.d4 Bg7 3.Nc3 c6 4.Be3 Qb6 5.Qd2 Qxb2 6.Rb1 Qa3 7.Bc4 Qa5 8.Nge2 d6
9.O-O Nf6 10.a4 Nbd7 11.Bh6 O-O 12.Bxg7 Kxg7 13.f4 d5 14.exd5 Nb6 15.Bd3 Nbxd5
16.f5 gxf5 17.Bxf5 Nxc3 18.Nxc3 Bxf5 19.Qg5+ Kh8 20.Rxf5 Qxc3 21.Rxf6 Rg8  0-1

[Event "Spring Open"]
[Site "Belgrade SCG"]
[Date "2005.03.29"]
[Round "5"]
[White "Ruzicic,S"]
[Black "Jedjini,P"]
[Result "1-0"]
[WhiteElo "2043"]
[BlackElo "1967"]

1.e4 g6 2.d4 Bg7 3.Nc3 c6 4.Be3 d6 5.Bc4 e6 6.Qd2 Nf6 7.f3 Nbd7 8.O-O-O b5
9.Bb3 Nb6 10.d5 exd5 11.exd5 c5 12.Nxb5 Ba6 13.Qa5 Bxb5 14.Qxb5+ Qd7 15.Qxd7+ Kxd7
16.c4 Rhe8 17.Bd2 a5 18.a4 Ng8 19.Nh3 h6 20.Rhe1 Ne7 21.g4 Reb8 22.Kc2 Rb7
23.Bc3 Bxc3 24.Kxc3 Rab8 25.Bc2 Nbc8 26.b3 Ke8 27.f4 Kf8 28.f5 g5 29.Nf2 Nb6
30.Ne4 Nec8 31.f6 Nd7 32.h4 gxh4 33.Rh1 Ne5 34.Rxh4 Ke8 35.Nd2 Nb6 36.Rxh6 Kd8
37.g5 Nbd7 38.Rf1 Nf8 39.Nf3 Nfg6 40.Nxe5 Nxe5 41.Rh8+ Kc7 42.Rfh1 Nd7 43.Kd3 Rxh8
44.Rxh8 Rb8 45.Rxb8 Nxb8 46.Ke4 Kd8 47.Kf5 Ke8 48.g6 Kf8 49.Kg5 Nd7 50.Bf5 fxg6
51.Bxd7  1-0

[Event "It D"]
[Site "Dos Hermanas ESP"]
[Date "2005.04.05"]
[Round "5"]
[White "Melero Fidalgo,J"]
[Black "Diaz Castro,S"]
[Result "1-0"]
[WhiteElo "2207"]
[BlackElo "2252"]

1.e4 g6 2.d4 Bg7 3.Nc3 c6 4.h3 d5 5.Nf3 Nf6 6.e5 Ne4 7.Bd3 Nxc3 8.bxc3 O-O
9.O-O c5 10.Bg5 Nc6 11.Bb5 h6 12.Be3 cxd4 13.cxd4 Qc7 14.Qd2 Kh7 15.Rfc1 Na5
16.Qb4 Be6 17.Rab1 Rab8 18.Nd2 Nc4 19.Nb3 b6 20.a4 Nxe3 21.fxe3 f6 22.c4 a5
23.cxd5 Qxc1+ 24.Rxc1 axb4 25.dxe6 fxe5 26.d5 Rbd8 27.e4 Bf6 28.Bd7 Bg5 29.Re1 Kg7
30.Re2 Rxd7 31.exd7 Rd8 32.a5 Rxd7 33.a6 Ra7 34.Ra2 Kf7 35.Kf2 e6 36.Ke2 exd5
37.exd5 Ke7 38.Kd3 Kd6 39.Kc4 Be3 40.Re2 Bg1 41.Re1 Bc5 42.Rf1 Ke7 43.Kb5 Be3
44.Re1 Bf2 45.Rxe5+ Kd6 46.Re2 Bg1 47.Rd2 Rf7 48.Kxb4 Bf2 49.Kb5 Bg1 50.Nd4 Bxd4
51.Rxd4 Rf1 52.a7 Rb1+ 53.Rb4 Ra1 54.Ra4  1-0

[Event "ch-RUS u18"]
[Site "Nojabrsk RUS"]
[Date "2005.04.06"]
[Round "1"]
[White "Pokazanjev,N"]
[Black "Bryndin,A"]
[Result "1/2-1/2"]
[WhiteElo "2380"]
[BlackElo "2272"]

1.e4 g6 2.d4 Bg7 3.Nc3 c6 4.Nf3 d6 5.Be3 b5 6.Bd3 a6 7.h3 Bb7 8.O-O Nd7 9.Qd2 Qc7
10.Rfe1 Rd8 11.Ne2 c5 12.c3 Ngf6 13.Ng3 h6 14.Rac1 c4 15.Bb1 e5 16.Rcd1 Kf8
17.Nh4 Kg8 18.f4 Kh7 19.Qf2 Qb8 20.Nf3 Rhe8 21.fxe5 dxe5 22.dxe5 Nxe5 23.Nxe5 Qxe5
24.Bd4 Qe6 25.e5 Nd7 26.Nh5 Nf8 27.Nf4 Qc6 28.Be4 Qc8 29.Bc2 Qc6 30.h4 Ne6
31.Be4 Qd7 32.Bc2 Nxf4 33.Qxf4 Qe6 34.Rd2 h5 35.Rf2 Kg8 36.Ref1 Rd7 37.Qg3 Qg4
38.Qxg4 hxg4 39.Re1 Rde7 40.Rfe2 g3 41.Re3 Bh6 42.Rxg3 Bf4 43.Rge3 Bxe3+
44.Rxe3 f5 45.h5 f4 46.Rh3 gxh5 47.Bg6 Rxe5 48.Bxe8 Rxe8 49.Rxh5  1/2-1/2

[Event "ch-RUS u18"]
[Site "Nojabrsk RUS"]
[Date "2005.04.08"]
[Round "3"]
[White "Krutko,A"]
[Black "Bryndin,A"]
[Result "0-1"]
[WhiteElo "2358"]
[BlackElo "2272"]

1.e4 g6 2.d4 Bg7 3.Nc3 c6 4.Be3 d5 5.f3 dxe4 6.fxe4 Nf6 7.Nf3 Ng4 8.Bf4 Bxd4
9.Qxd4 Qxd4 10.Nxd4 e5 11.h3 exd4 12.Ne2 Nf6 13.Be5 Nbd7 14.Bxd4 O-O 15.Nc3 b5
16.Bd3 b4 17.Na4 Nxe4 18.O-O-O Ng5 19.Nc5 Nb6 20.Bf6 Ne6 21.Nxe6 Bxe6 22.Be7 Rfc8
23.Ba6 Re8 24.Bxb4 Bd5 25.Rhg1 Re4 26.a3 Rb8 27.b3 Re3 28.Kb2 Rg3 29.Rd2 Be4
30.Re1 Bf5  0-1

[Event "7th UI&UL GM"]
[Site "Dhaka BAN"]
[Date "2005.04.10"]
[Round "7"]
[White "Ganguly,S"]
[Black "Rahman,Zia"]
[Result "1-0"]
[WhiteElo "2583"]
[BlackElo "2538"]

1.e4 g6 2.d4 Bg7 3.Nc3 c6 4.Be3 d5 5.f3 b6 6.Qd2 Ba6 7.Bxa6 Nxa6 8.Nge2 e6
9.O-O-O Qd7 10.h4 h6 11.h5 g5 12.f4 gxf4 13.Bxf4 O-O-O 14.Rh3 Kb7 15.Rg3 f6
16.Qd3 Nb4 17.Qf3 Bf8 18.a3 dxe4 19.Nxe4 Nd5 20.c4 Nxf4 21.Nxf4 f5 22.Nc3 Bd6
23.d5 exd5 24.cxd5 Ne7 25.Rg7 Rhg8 26.dxc6+ Qxc6 27.Rxd6 Qxf3 28.Rxe7+ Kc8
29.gxf3 Rxd6 30.Nb5 Rd7 31.Nxa7+ Kd8 32.Nc6+ Kc7 33.Rxd7+ Kxd7 34.Ng6 Ke6
35.b4 Ra8 36.Kb2 Kd5 37.Nge7+ Kd6 38.b5 f4 39.Nf5+ Kc5 40.Ne5 Rd8 41.Kc3 Rd5
42.Nd3+ Kxb5 43.Nd4+ Ka4 44.Nxf4 Rc5+ 45.Kd3 Kxa3 46.Ke4 b5 47.Nd5 b4 48.f4 b3
49.Nxb3 Kxb3 50.f5 Rc4+ 51.Ke5 Rc5 52.Kd6 Kc4 53.Ne7 Ra5 54.f6 Ra6+ 55.Ke5 Ra5+
56.Ke6 Ra6+ 57.Kf5 Ra5+ 58.Kg6 Ra6 59.Kg7 Re6 60.Ng6  1-0

[Event "ch-RSA"]
[Site "Johannesburg RSA"]
[Date "2005.04.13"]
[Round "7"]
[White "Cawdery,D"]
[Black "De Villiers,C"]
[Result "1-0"]
[WhiteElo "2182"]
[BlackElo "2314"]

1.e4 g6 2.d4 Bg7 3.Nc3 c6 4.Bc4 d6 5.Qf3 e6 6.Nge2 Nd7 7.Bb3 Ngf6 8.Bg5 Qa5
9.Bh4 O-O 10.O-O b5 11.a3 Bb7 12.Bg3 e5 13.Rad1 Qc7 14.Qe3 a6 15.h3 Rae8
16.dxe5 dxe5 17.Rd2 Nh5 18.Rfd1 Bc8 19.Bh4 Bf6 20.Bxf6 Nhxf6 21.Rd6 Kg7 22.Ng3 h6
23.h4 c5 24.Ba2 c4 25.b3 cxb3 26.Bxb3 Ng4 27.Qd2 Nb6 28.Kh1 Nc4 29.Bxc4 Qxc4
30.f3 Nf2+ 31.Qxf2 Qxc3 32.R1d3 Qc7 33.Qd2 Qe7 34.Nh5+ gxh5 35.Qxh6+ Kg8
36.Rf6 Qxf6 37.Qxf6 Re6 38.Qg5+  1-0

[Event "CES"]
[Site "Northeim GER"]
[Date "2005.04.14"]
[Round "1"]
[White "Teske,H"]
[Black "Gruender,M"]
[Result "1-0"]
[WhiteElo "2533"]
[BlackElo "2060"]

1.e4 g6 2.d4 Bg7 3.Nc3 c6 4.Bc4 d5 5.exd5 b5 6.Bb3 b4 7.Nce2 cxd5 8.h4 Nf6
9.Bg5 Nbd7 10.h5 Nxh5 11.Bxd5 Rb8 12.Nf3 Nhf6 13.Bb3 Bb7 14.Qd3 Qa5 15.Bxf6 Nxf6
16.Ne5 Bd5 17.Nf4 Rc8 18.Nxd5 Nxd5 19.O-O-O e6 20.g4 Qc7 21.Bxd5 exd5 22.Qb5+ Kf8
23.Qxb4+ Kg8 24.Qd2 h5 25.c3 Bxe5 26.dxe5 Qxe5 27.gxh5 Rxh5 28.Rxh5 Qxh5
29.Qxd5 Qe2 30.Qd4  1-0

[Event "TCh-BEL 2004-5"]
[Site "Belgium BEL"]
[Date "2005.04.15"]
[Round "9"]
[White "Naiditsch,A"]
[Black "Leenhouts,K"]
[Result "1-0"]
[WhiteElo "2623"]
[BlackElo "2334"]

1.e4 g6 2.d4 Bg7 3.Nc3 c6 4.Nf3 d6 5.Be3 Nf6 6.Qd2 Qa5 7.h3 b5 8.Bd3 Nbd7
9.O-O O-O 10.a3 Bb7 11.e5 Ne8 12.Bh6 c5 13.exd6 exd6 14.Bxg7 Nxg7 15.Bxb5 Bxf3
16.Bxd7 cxd4 17.Qxd4 Qg5 18.Bg4 Bxg4 19.Qxg4 Qxg4 20.hxg4 Rab8 21.Rab1 Rfc8
22.Rfc1 Ne6 23.Nd5 Rc5 24.Nf6+  1-0

[Event "CES"]
[Site "Northeim GER"]
[Date "2005.04.15"]
[Round "3"]
[White "Neumann,Mi"]
[Black "Gruender,M"]
[Result "0-1"]
[WhiteElo "2208"]
[BlackElo "2060"]

1.e4 g6 2.d4 Bg7 3.Nc3 c6 4.Nf3 d6 5.h3 b5 6.Be3 b4 7.Nb1 d5 8.Nbd2 Nf6 9.Bd3 dxe4
10.Nxe4 Nd5 11.Bg5 h6 12.Bd2 Nd7 13.c4 bxc3 14.bxc3 Qc7 15.Qc1 a5 16.O-O N7f6
17.Nxf6+ Bxf6 18.Re1 g5 19.Ne5 Rg8 20.Qc2 g4 21.Nxg4 Bxg4 22.hxg4 Rxg4 23.Bf5 Rg8
24.Qe4 e6 25.Bh3 Bg5 26.Bxg5 Rxg5 27.Bxe6 fxe6 28.Qxe6+ Kf8 29.Qxh6+ Qg7
30.Qd6+ Kg8 31.Qe6+ Kf8 32.Qe4 Kg8 33.g3 Rf8 34.Qe6+ Kh8 35.Qh3+ Kg8 36.Re4 Nf4
37.Qf1 Rxg3+ 38.fxg3 Qxg3+ 39.Kh1 Qh4+ 40.Kg1 Nh3+ 41.Kh2 Rf2+  0-1

[Event "Open"]
[Site "Metz FRA"]
[Date "2005.04.16"]
[Round "1"]
[White "Billot,D"]
[Black "Bagheri,A"]
[Result "0-1"]
[WhiteElo "1944"]
[BlackElo "2518"]

1.e4 g6 2.d4 Bg7 3.Nc3 c6 4.Bc4 d6 5.h3 Nf6 6.Qe2 b5 7.Bb3 b4 8.Nd1 Ba6 9.Qf3 Nbd7
10.Ne2 e5 11.c3 O-O 12.O-O bxc3 13.bxc3 d5 14.exd5 e4 15.Qe3 Nxd5 16.Qd2 N7b6
17.Nb2 Bxe2 18.Qxe2 Nxc3 19.Qe3 Qxd4  0-1

[Event "Extraliga CZE 2004-5"]
[Site "Czech Rep CZE"]
[Date "2005.04.17"]
[Round "11"]
[White "Sosna,J"]
[Black "Spacek,P"]
[Result "1/2-1/2"]
[WhiteElo "2406"]
[BlackElo "2392"]

1.e4 g6 2.d4 Bg7 3.Nc3 c6 4.Nf3 d6 5.Bc4 Nf6 6.Qe2 O-O 7.Bg5 d5 8.exd5 b5
9.Bd3 b4 10.Nd1 cxd5 11.O-O Nc6 12.Bb5 Bd7 13.Bxc6 Bxc6 14.Ne5 Qb6 15.Nxc6 Qxc6
16.Qxe7 Ne4 17.Be3 a5 18.Qh4 Qxc2 19.Bh6 Qd3 20.Bxg7 Kxg7 21.f3 Qxd4+ 22.Nf2 Qf6
23.Qxf6+ Nxf6 24.Nd3 Rac8 25.Rac1 Rc4 26.Ne5 Rxc1  1/2-1/2

[Event "Open"]
[Site "Metz FRA"]
[Date "2005.04.18"]
[Round "3"]
[White "Bruned,Y"]
[Black "Bagheri,A"]
[Result "0-1"]
[WhiteElo "2316"]
[BlackElo "2518"]

1.e4 g6 2.d4 Bg7 3.Nc3 c6 4.Nf3 d6 5.a4 Nf6 6.Be2 Qc7 7.O-O e5 8.Be3 O-O
9.dxe5 dxe5 10.Nd2 Rd8 11.a5 Na6 12.Bxa6 bxa6 13.Qe2 Nh5 14.g3 Bh3 15.Rfd1 Nf4
16.Qxa6 Ne6 17.Qc4 h5 18.f3 Nd4 19.Bxd4 Be6 20.Nd5 Rxd5 21.exd5 Bxd5 22.Qd3 exd4
23.c4 dxc3 24.bxc3 h4 25.Nf1 hxg3 26.hxg3 Be5 27.f4 Bd6 28.c4 Bc5+ 29.Kh2 Be6
30.Ne3 Re8 31.f5 Bc8 32.Ng4 Bxf5 33.Nf6+ Kf8 34.Nxe8 Qe5 35.Qf3 Qh8+ 36.Kg2 Qh3+  0-1

[Event "ch-UKR w u20"]
[Site "Kharkiv UKR"]
[Date "2005.04.20"]
[Round "2"]
[White "Kalinina,O"]
[Black "Ushenina,A"]
[Result "0-1"]
[WhiteElo "2022"]
[BlackElo "2350"]

1.e4 g6 2.d4 Bg7 3.Nc3 c6 4.f4 d5 5.e5 h5 6.Be3 Nh6 7.h3 b6 8.Nf3 Ba6 9.Qd2 Nf5
10.Bf2 e6 11.O-O-O h4 12.Qe1 Bh6 13.g3 hxg3 14.Bxg3 Bxf1 15.Rxf1 Nd7 16.Kb1 b5
17.Nh4 Nxg3 18.Qxg3 Qe7 19.Nf3 O-O-O 20.Ng5 Nb6 21.Rd3 Kb7 22.Nd1 Rd7 23.Nf2 Rc7
24.h4 c5 25.c3 c4 26.Rd2 b4 27.Ng4 Na4 28.Ka1 Ka8 29.Rb1 Bg7 30.Nf2 bxc3
31.bxc3 Rb7 32.Rc2 Rhb8 33.Rxb7 Qxb7 34.Qg1 Nxc3  0-1

[Event "Open"]
[Site "Metz FRA"]
[Date "2005.04.20"]
[Round "5"]
[White "Bolzoni,V"]
[Black "Bagheri,A"]
[Result "0-1"]
[WhiteElo "2219"]
[BlackElo "2518"]

1.e4 g6 2.d4 Bg7 3.Nc3 c6 4.Nf3 d6 5.Bc4 Nf6 6.Bb3 O-O 7.O-O Qc7 8.a4 e5
9.dxe5 dxe5 10.Qe2 Na6 11.Rd1 Nc5 12.Ba2 Nh5 13.Be3 Qe7 14.Bg5 Bf6 15.Bxf6 Qxf6
16.Qe3 Ne6 17.Bxe6 Bxe6 18.Qc5 Rfe8 19.Qxe5 Bg4 20.Qxf6 Nxf6 21.h3 Bxf3 22.gxf3 Re7
23.Rd6 Nh5 24.Rad1 Nf4 25.h4 Kg7 26.Rd7 Rae8 27.Kh2 a5 28.Rxe7 Rxe7 29.Rd8 h6
30.Kg3 g5 31.hxg5 hxg5 32.Kg4 f6 33.Nd1 Kg6 34.Rg8+ Kf7 35.Rh8 Kg7 36.Rd8 Kg6
37.Rg8+ Kf7 38.Rb8 Kg6 39.Ne3 Rh7 40.Nf5 Rh2 41.Rg8+ Kf7 42.Rg7+ Kf8 43.Rxb7 Rxf2
44.Ne3 Ne6 45.b4 axb4 46.a5 Re2 47.Nc4 Nc5 48.Rxb4 Rxc2 49.Na3 Ra2 50.Rc4 Nb3
51.Rxc6 Rxa3 52.Rxf6+ Ke7 53.Rb6 Nd4 54.a6 Ne6 55.Rb7+ Kf6 56.a7 Ra2 57.Kg3 Ra1
58.Kg2 Ra3 59.Kg3 Ra2 60.Rh7 Kg6 61.Rb7 Nf4 62.Rb6+ Kh5  0-1